| 000 | 00724nam a22001817a 4500 | ||
|---|---|---|---|
| 005 | 20250113101044.0 | ||
| 010 | _aHIN-129218 | ||
| 020 |
_a9788195899401 _c400.00 |
||
| 035 | _aHN-101564 | ||
| 037 | _bDBAD | ||
| 082 | _aउ | ||
| 100 |
_aप्रेमचन्द _976396 |
||
| 245 |
_aसेवासदन/ _bप्रेमचन्द |
||
| 260 |
_aदिल्ली _bश्री गणेश प्रकाशन _c2024 |
||
| 270 |
_a# 32 ब्लाक 4, सुभाष गली, विशवास नगर,शाहदरा _bदिल्ली _e110032 _mprakashanshriganesh@gmail.com |
||
| 300 |
_a255पृ. _c22 सेमी (सजिल्द ) |
||
| 942 |
_2ddc _cHN _hउ _mप्रेमचं |
||
| 999 |
_c208356 _d208356 |
||